| 000 | 01066nam a2200301Ia 4500 | ||
|---|---|---|---|
| 001 | B6577 | ||
| 003 | IT-RoPAU | ||
| 008 | 130308s9999 xx 000 0 und d | ||
| 040 | _aIT-RoPAU | ||
| 040 | _cIT-RoPAU | ||
| 041 | _aITALIANO | ||
| 100 | _aZatelli Silvio | ||
| 100 | _gCodice Aut. SPICS: 39384 | ||
| 245 | _aMusica e linguaggio verbale in funzione terapeutica | ||
| 245 | _bDisturbi del Linguaggio e Musica | ||
| 250 | _a1a ed. | ||
| 260 | _aASSISI | ||
| 260 | _bPro Civitate Christiana | ||
| 260 | _c1984 [1° Ed.:1984 - Ed.Ling.Originale:1984] | ||
| 300 | _a"15 p. (prefazione: no ; testo: 15 [pagine: 105-119])" | ||
| 500 | _aQuadro Generale delle Scuole di musicoterapia . Rapporto Musica e Linguaggio Verbale. Musica Come Generatrice di sentimenti e di movimenti Corporei. Musicalità del Linguaggio Verbale e Terapia. Qualità Base del Rieducatore al Linguaggio Verbale: Avere una voce Musicale. | ||
| 650 | _aSAGGI MUSICALI | ||
| 650 | _eCodice materia Spics: 7011 | ||
| 942 | _cBK | ||
| 957 | _71 | ||
| 999 |
_c60136 _d60136 |
||
| 999 | _bSI | ||
| 999 | _g1 | ||